Переписка составителя "Карты народного образования в России в 1876 году" А.А. Попова с директором Департамента народного просвещ...

Доступно только в Электронных читальных залах Найти на картеНа карте
RUSMARC
00003746nmc2a22002413x 450
0013a200cc0-f64f-49ad-ba7a-a36df7449aa9
00520230810174533.0
100##$a20221222l18771881k l0rusy0189 ca
1010#$arus
102##$aRU
105##$ab###
1222#$ad
2001#$aПереписка составителя "Карты народного образования в России в 1876 году" А.А. Попова с директором Департамента народного просвещения М.Е. Брадке о составлении карты, объяснительная записка к карте и другие материалы к ней
$j20 января 1877 г. - 13 мая 1881 г.
215##$a191 л.
$cкарт.
$d36,5х26 см
251##$cДело
300##$aДело
371##$aДокумент не является опубликованным и широко распространяемым
461#0$1001a74412a3-3cc5-4d21-8f0a-dfe2fbd9e72d
$12001
$aДепартамент народного просвещения Министерства народного просвещения (1803-1917)
$1251
$cФонд
$1852
$j733
462#0$1001eee5cd01-9790-469a-9945-6bffddbc7761
$12001
$aРазряд общих дел
$1251
$cОпись
$1852
$j228
801#0$aRU
$bРГИА
$c20221222
$gRCR
801#1$aRU
$bГлавНИВЦ
$c20221222
$2rusmarc
801#2$aRU
$bПБ им. Б.Н. Ельцина
$c20230810
$gRCR
$2rusmarc
850##$aРГИА
852##$aРГИА
$eФедеральное казенное учреждение "Российский государственный исторический архив" (РГИА)
$j18
937##$hРГИА
$d12396449
$aASBIBLIO_SCAN
035##$aRusGRCC00058787
856##$uhttp://readingroom.main.prlib.ru/item.aspx?id_node=n187143139&mode=full
Формат отображения